000 00324nam a22001457a 4500
008 210511b ||||| |||| 00| 0 eng d
020 _a2900763764080
041 _aeng
080 _22nd
_a615
082 _a615
100 _a5
101 _aFAR
245 _aPharmaceutical Care
_cNathaniel M. Rickles
942 _2udc
_cBK
999 _c57184
_d57184